LEADER 00990nam a2200265 i 4500 001 000000151436 003 CaOOAMICUS 005 20060630000000.0 008 060630s1964 it u000 u ita u 013 $a128774 040 $aSeMil$bita 100 1 $aVarese, Claudio.$0(OLS)http://semarc/name/18088 245 10$aPascoli decadente /$cdi Claudio Varese. 260 $aFirenze :$bSansoni,$ccopyr. 1964. 300 $a118 p. ;$c18 cm. 490 0 $aNuova biblioteca del Leonardo ;$v10. 500 $aFondo Ciprandi. 600 14$aPascoli, Giovanni <1855-1912>.$0(OLS)http://semarc/subject/3013 830 0$aNuova biblioteca del Leonardo ;$v10.$0(OLS)http://semarc/title/21094 850 $aSeMil 852 $aSeMil$W1$xVenegono$y1$m1D I 127$j103464$B103464$CSeMilBibl$Z2$F112541 $81 941 1 $a1 961 $aOmaggio: Ciprandi dott. Paolo 996 $6245$aPascoli decadente$9(OLS)http://semarc/title/221334 996 $6260$aFirenze :$bSansoni$9(OLS)http://semarc/publisher/29843 LEADER 00995nam a2200241 i 4500 001 000000167024 003 CaOOAMICUS 005 20071122000000.0 008 071122s1972 it u000 u ita u 013 $a144395 040 $aSeMil$bita 100 1 $aUfficio Liturgico Diocesano .$0(OLS)http://semarc/name/62839 245 10$aPrendete e mangiatene tutti :$bla Comunione ai malati. 260 $aTorino :$bUfficio Liturgico Diocesano,$c[1972] 300 $a70 p. ;$c16 cm. 500 $aFondo Card. Giovanni Colombo. 650 4$aComunione ai malati - Liturgia - Commenti e studi.$0(OLS)http://semarc/subject/21181 850 $aSeMil 852 $aSeMil$W1$xVenegono$y1$m5B III 12/6$j118184$B118184$CSeMilBibl$Z2$F131433 $81 941 1 $a3 961 $aLascito: Colombo Card. Giovanni 996 $6245$aPrendete e mangiatene tutti :$bla Comunione ai malati$9(OLS)http://semarc/title/238828 996 $6260$aTorino :$bUfficio Liturgico Diocesano$9(OLS)http://semarc/publisher/48689 LEADER 01307nam a2200265 i 4500 001 000000254090 003 CaOOAMICUS 005 20170508000000.0 008 170508s1999 it u000 u ita u 013 $a232995 020 $a88-01-01540-2 040 $aSeMil$bita 245 10$aIo sarņ il vostro Dio, voi sarete il mio popolo (Ger 7,23) :$besperienze di incontro popolare con la Parola di Dio della Bibbia /$ca cura di Gruppi ecclesiali di ascolto del Nord-Est. 260 $aLeumann (TO) :$bElle Di Ci,$c1999. 300 $a143 p. ;$c21 cm. 490 0 $aBibbia. Proposte e metodi ;$v20 650 4$aBibbia - Meditazioni.$0(OLS)http://semarc/subject/2560 700 1 $aGruppi ecclesiali di ascolto del Nord-Est.$0(OLS)http://semarc/name/94244 830 0$aBibbia. Proposte e metodi ;$v20.$0(OLS)http://semarc/title/7895 850 $aSeMil 852 $aSeMil$W1$xVenegono$y1$m2V II 354$j269159$B204436$CSeMilBibl$Z2$F217936 $81 961 $aOmaggio: Lorenzi don Ugo 996 $6020$a88-01-01540-2$9(OLS)http://semarc/number/277214 996 $6245$aIo sarņ il vostro Dio, voi sarete il mio popolo (Ger 7,23) :$besperienze di incontro popolare con la Parola di Dio della Bibbia$9(OLS)http://semarc/title/410879 996 $6260$aLeumann (TO) :$bElle Di Ci$9(OLS)http://semarc/publisher/29654